000 01293nam a2200325 ia4500
003 OSt
005 20241022131441.0
008 241022t20242024my ao gr 000 f may d
020 _a9789672686286
_cRM 38.40
_qpaperback
040 _aPPAK
_beng
_cPPAK
_erda
082 0 4 _a899.2333
_223
090 0 0 _a899.2333
_bMOH
_dK
100 0 _aMohd. Radzi Abdul Hamid,
_cBrig. Jen., Dato', Dr.,
_d1966-
_eauthor.
245 1 0 _aPLATUN HARIMAU :
_bdalam kisah LT FAUZI DI PANAH PETIR DI GUNUNG TAHAN (Berdasarkan kisah benar) /
_cBRIG JEN DATO' DR MOHD RADZI B. ABDUL HAMID, MC ; Lukisan & Susun Atur : Pena Celoreng.
264 1 _aSeremban, Negeri Sembilan :
_bPENA CELORENG PUBLISHER,
_c2024
264 4 _c©2024
300 _a41 pages :
_bcolour illustrations, colour photographs ;
_c18 cm
336 _atext
_2rdacontent
336 _astill image
_2rdacontent
337 _aunmediated
_2rdamedia
338 _avolume
_2rdacarrier
490 1 _aSiri Jati Diri, Patriotisme dan Kenegaraan
504 _aIncludes bibliographical references.
650 1 0 _aMalay fiction
650 2 4 _aMalaysian fiction (Malay)
650 2 0 _aChildren's stories, Malay
710 2 _aPena Celoreng,
_eilustrator.
830 0 _aSiri Jati Diri, Patriotisme dan Kenegaraan
942 _2ddc
_cB
999 _c197276
_d197276